7300+SSC general studies / (Record no. 157965)

MARC details
000 -LEADER
fixed length control field 00829nam a22002177a 4500
005 - DATE AND TIME OF LATEST TRANSACTION
control field 20181011171749.0
010 ## - LCCN (DPL NO)
LC control number B-685714 B-709308
020 ## - INTERNATIONAL STANDARD BOOK NUMBER
International Standard Book Number 9788193332832
Terms of availability 460.00
035 ## - SYSTEM CONTROL NUMBER
System control number B-685714 B-709308
037 ## - SOURCE OF ACQUISITION
Source of stock number/acquisition PANSY BOOKS(RP)
082 ## - DEWEY DECIMAL CLASSIFICATION NUMBER
Classification number 000
100 ## - MAIN ENTRY--PERSONAL NAME
Personal name Yadav, Rakesh
245 ## - TITLE STATEMENT
Title 7300+SSC general studies /
Statement of responsibility, etc by Rakesh Yadav
250 ## - EDITION STATEMENT
Edition statement 3rd ed.
260 ## - PUBLICATION, DISTRIBUTION, ETC. (IMPRINT)
Place of publication, distribution, etc Delhi
Name of publisher, distributor, etc Rakesh Yadav Readres Publication
Date of publication, distribution, etc 2018
270 ## - ADDRESS
Address 521, 3rrd floor, mukherjee Nagar
City Delhi
Postal code 110009
300 ## - PHYSICAL DESCRIPTION
Extent 893p.
Dimensions 28cm(pbk)
500 ## - GENERAL NOTE
General note Each question with detailed video solution 1999-Till date
942 ## - ADDED ENTRY ELEMENTS (KOHA)
Source of classification or shelving scheme Dewey Decimal Classification
Item type English Books
Classification part 000
Call number suffix YAD
Holdings
Withdrawn status Lost status Not for loan Collection code Home library Current library Date acquired Source of acquisition Cost, normal purchase price Full call number Barcode Copy number Cost, replacement price Koha item type
      Non-fiction Patel Nagar Patel Nagar 11/10/2018 PANSY BOOKS /1783/28.09.8/DPL/PN/RP/2018-19/1232/22.09.18/29.09.18 460.00 000 YAD B-709308 1 460.00 English Books

© Delhi Public Library
Hit Counter
free hit counter